1621 1757 1296 1600 1483 1321 1972 1295 1746 1365 1938 1576 1200 1728 1601 1852 1771 1715 1525 1754 1353 1150 1492 1434 1277 1416 1886 1063 1885 1161 1784 1709 1621 1623 1737 1154 1452 1415 1750 1181 1649 1241 1589 1621 1095 1961 1794 1435 1091 1561 1435 1920 1018 1831 1184 1795 1609 1368 1340 1671 1771 1315 1300 1980 1808 1220 1255 1128 1474 1041 1971 1492 1873 1778 1849 1648 1079 1183 1713 1771 1703 1762 1130 1231 1851 1264 1109 1401 1617 1194 1627 1085 1805 1085 1432 1038 1848 1093 1692 BCNSPRNW ULIB Ver.6.0+V

เปลี่ยนเป็นภาษาไทย

Change to English
 แสดงรายละเอียดบรรณานุกรม
  กลับหน้าหลัก

Brief Record : Get Marc (ISO 2709) : E-mail record : QR code < ปิดหน้าต่าง
LEADER : 00000nam 2200000uu 4500
001    13399112332
003     ULIB
008    110627s||||||||th 000 0 tha d
020    9786160603282
090    นว.^bT111E มปป.
100 0  The Little Finger
245 00 Evil Queen s Fairy Tale...เหวี่ยงร้ายให้หัวใจตกหลุมรัก/^cThe Little Finger
260    กรุงเทพฯ :^bแจ่มใส,^cมปป.
300    249 หน้า
710 1  แจ่มใส
945    ^p179^l0^i030399
995    ทศพร
999 ^a ใช้งานได้ทุกระบบ
รายการนี้ยังไม่มีแท็ก
คุณยังไม่ได้ล็อกอิน คุณสามารถมีกิจกรรมร่วมกับเว็บไซต์ได้ แต่ต้องล็อกอินก่อน ::
  ล็อกอิน

รายการสื่อสารสนเทศ

ลำดับที่ ประเภท เลขเรียก/บาร์โค้ด สถานที่ สถานะ
- ไม่พบข้อมูล -

รายการใกล้เคียง
    ผู้แต่ง [The Little Finger]

BibComment


ยังไม่เคยถูกคอมเมนท์

คอมเมนท์ทรัพยากรรายการนี้
  คอมเมนท์: Evil Queen s Fair..


 Copyright 2026. Bcnsprnw @Library